Acenā-bāndhabī. (Record no. 66068)

MARC details
000 -LEADER
fixed length control field 00536cam a22002171 4500
001 - CONTROL NUMBER
control field sa 65009196
003 - CONTROL NUMBER IDENTIFIER
control field DLC
005 - DATE AND TIME OF LATEST TRANSACTION
control field 20260227112200.0
008 - FIXED-LENGTH DATA ELEMENTS--GENERAL INFORMATION
fixed length control field 940426s1964 ii 000 1 benr
010 ## - LIBRARY OF CONGRESS CONTROL NUMBER
LC control number sa 65009196
025 ## - OVERSEAS ACQUISITION NUMBER
Overseas acquisition number PL480:EP-B-913
035 ## - SYSTEM CONTROL NUMBER
System control number (OCoLC)30334193
040 ## - CATALOGING SOURCE
Original cataloging agency DLC
Transcribing agency CU
Modifying agency CU
-- DLC
042 ## - AUTHENTICATION CODE
Authentication code premarc
050 00 - LIBRARY OF CONGRESS CALL NUMBER
Classification number PK1718.A365
Item number A63
100 1# - MAIN ENTRY--PERSONAL NAME
Personal name Ahmad, Reyazuddin.
245 10 - TITLE STATEMENT
Title Acenā-bāndhabī.
260 ## - PUBLICATION, DISTRIBUTION, ETC.
Date of publication, distribution, etc. [1964]
300 ## - PHYSICAL DESCRIPTION
Extent 79 p. (p.74-79 advertisements)
Dimensions 19 cm.
500 ## - GENERAL NOTE
General note In Bengali.

No items available.

Powered by Koha